| 000 | 01053nam a22001937a 4500 | ||
|---|---|---|---|
| 999 |
_c62004 _d62004 |
||
| 003 | Ge_BSU | ||
| 005 | 20240620171042.0 | ||
| 008 | 240620s1963 ge ||||| |||| 00| 0 geo d | ||
| 041 | _ageo | ||
| 080 | _a615.83 მ-58 | ||
| 100 |
_aმესხრიკაძე, რევაზ _922524 |
||
| 245 |
_aწყალტუბოს მინერალური წყლის მოქმედება ორგანიზმზე ნორმისა და პათოლოგიის დროს / _cრევაზ მესხრიკაძე. |
||
| 264 |
_aთბილისი : _b საბჭ. საქართველო, _c1963. |
||
| 300 |
_a323 გვ. : _bილ. და ცხრილ. ; _c 22 სმ. |
||
| 504 | _aბიბლიოგრაფია: გვ. 301-321. | ||
| 520 | _a რეზუმე რუსულ ენაზე. | ||
| 856 |
_uhttps://dspace.nplg.gov.ge/bitstream/1234/494238/1/Wyaltubos_Mineraluri_Wylis_Moqmedeba_Organizmze_1963.pdf _yელ.ვერსია |
||
| 942 |
_2udc _cᲬᲘᲒᲜᲘ |
||